Pacto fiscal: un acuerdo para enfrentar los desafíos del siglo XXI /
Gorde:
| Egile nagusia: | |
|---|---|
| Egile korporatiboa: | , , , |
| Beste egile batzuk: | , , |
| Formatua: | Texto |
| Argitaratua: |
San José:
s.e.
|
| Gaiak: | |
| Etiketak: |
Etiketa erantsi
Etiketarik gabe, Izan zaitez lehena erregistro honi etiketa jartzen!
|
MARC
| LEADER | 00000 a a2200000 04500 | ||
|---|---|---|---|
| 001 | 27237 | ||
| 003 | |||
| 040 | |||
| 090 | |a 186000 | ||
| 100 | |a Burgués Terán, Antonio | ||
| 110 | |a Cámara de Exportadores de Costa Rica | ||
| 245 | |a Pacto fiscal: un acuerdo para enfrentar los desafíos del siglo XXI / |c Cámara de Exportadores de Costa Rica | ||
| 260 | |a San José: |b s.e. | ||
| 300 | |a 6 p | ||
| 650 | |a REFORMA TRIBUTARIA | ||
| 650 | |a REFORMA ECONOMICA | ||
| 650 | |a DEUDA PUBLICA | ||
| 650 | |a FINANCIAMIENTO DEL DEFICIT | ||
| 650 | |a ACUERDOS FISCALES | ||
| 700 | |a Vargas Barrantes, Albino | ||
| 700 | |a Brown Young, Gilberth | ||
| 700 | |a Acosta Granados, Enrique | ||
| 710 | |a Secretaría General | ||
| 710 | |a Confederación Rerum Novarum | ||
| 710 | |a Movimiento Solidarista | ||
| 999 | |c 15675 |d 15675 | ||
